LEADER 01289cam0-22004211i-450- 001 990005863210403321 005 20130204093310.0 035 $a000586321 035 $aFED01000586321 035 $a(Aleph)000586321FED01 035 $a000586321 100 $a20000421d1984----km-y0itay50------ba 101 0 $aita 102 $aIT 105 $ay-------001yy 200 1 $a<>associazioni segrete$eLibertà associativa e diritti dell'associato tra legge Rocco (1925) e legge sulla P2 (1982)$fLelio Barbiera, Gaetano Contento, Paolo Giocoli Nacci 210 $aNapoli$cJovene$d1984 215 $aX, 234 p.$d23 cm 610 0 $aSocietà segrete$aLegislazione 676 $a346.4506$v21$zita 700 1$aBarbiera,$bLelio$f<1930- >$034473 701 1$aContento,$bGaetano$0168409 701 1$aGiacoli Nacci$bPaolo$0403007 801 0$aIT$bUNINA$gREICAT$2UNIMARC 901 $aBK 912 $a990005863210403321 952 $a366.1 BAR 1$bBIBL.28230$fFLFBC 952 $aV B 111$b10302$fFSPBC 952 $aIX B 67$b2685$fDDCIC 952 $a19-E-7$b4580$fDDCP 952 $aPECORARO ALBANI B6$b5170$fDSPCP 959 $aFLFBC 959 $aFSPBC 959 $aDDCIC 959 $aDDCP 959 $aDSPCP 996 $aAssociazioni segrete$9564865 997 $aUNINA LEADER 03191oam 2200721I 450 001 9910783995403321 005 20230617005900.0 010 $a1-134-27065-8 010 $a1-134-27066-6 010 $a1-280-30255-0 010 $a9786610302550 010 $a0-203-02310-2 024 7 $a10.4324/9780203023105 035 $a(CKB)1000000000253325 035 $a(EBL)214786 035 $a(OCoLC)475922523 035 $a(SSID)ssj0000237124 035 $a(PQKBManifestationID)11191707 035 $a(PQKBTitleCode)TC0000237124 035 $a(PQKBWorkID)10191211 035 $a(PQKB)10285302 035 $a(SSID)ssj0001148607 035 $a(PQKBManifestationID)12508519 035 $a(PQKBTitleCode)TC0001148607 035 $a(PQKBWorkID)11144830 035 $a(PQKB)11417892 035 $a(MiAaPQ)EBC214786 035 $a(Au-PeEL)EBL214786 035 $a(CaPaEBR)ebr10163201 035 $a(CaONFJC)MIL30255 035 $a(OCoLC)61848948 035 $a(EXLCZ)991000000000253325 100 $a20180706d2005 uy 0 101 0 $aeng 135 $aur|n|---||||| 181 $ctxt 182 $cc 183 $acr 200 10$aRethinking economic change in India $elabour and livelihood /$fTirthankar Roy 210 1$aNew York :$cRoutledge,$d2005. 215 $a1 online resource (194 p.) 225 1 $aRoutledge explorations in economic history ;$v28 300 $aDescription based upon print version of record. 311 $a0-415-45927-3 311 $a0-415-34989-3 320 $aIncludes bibliographical references and index. 327 $aBook Cover; Half-Title; Title; Copyright; Dedication; Contents; List of Figures; List of Tables; Preface; 1. Introduction; 2. Economic History and Modern India: Redifining the Link; 3. Rural Labour and Colonialism; 4. Agricultural Labour: Lessons from Wage Data; 5. Was there an Industrial Decline in India in the Early Nineteenth Century?; 6. Labour-intensive Industrialization; 7. Women and Industrialization; 8. Women in the Crafts; 9. Labour and Power: A Critique of 'Subaltern Studies'; 10. Conclusion; Notes; References; Index 330 $aAs author of the hugely influential The Economic History of India 1857-1947, Tirthankar Roy has established himself as the leading contemporary economic historian of India. Here, Roy turns his attention to labour and livelihood and the nature of economic change in the Subcontinent. This book covers:economic history of modern India rural labour labour-intensive industrialization women and industrialization.Challenging the prevailing wisdom on Indian economic growth - that it is bound up with Marxian, postcolo 410 0$aRoutledge explorations in economic history ;$v28. 606 $aLabor$zIndia$xHistory 606 $aWomen$xEmployment$zIndia$xHistory 607 $aIndia$xEconomic policy 615 0$aLabor$xHistory. 615 0$aWomen$xEmployment$xHistory. 676 $a331.0954 700 $aRoy$b Tirthankar.$0460938 801 0$bMiAaPQ 801 1$bMiAaPQ 801 2$bMiAaPQ 906 $aBOOK 912 $a9910783995403321 996 $aRethinking economic change in India$93839655 997 $aUNINA